Statistics for Match That Nineties Song to the Lyrics 2

Click here to take the quiz!

General Stats

  • This quiz has been taken 37 times
  • The average score is 12 of 25

Answer Stats

YearHintArtistAnswer% Correct
1995"Fool, I'm the kinda G the little homeys wanna be like, on my knees in the night, sayin' prayers in the street light, been spendin' most their lives livin' in a..."CoolioGangsta's Paradise
81%
1997"Near, far, wherever you are"Celine DionMy Heart Will Go On
81%
1993"Life is demanding without understanding. I saw the sign and it opened up my eyes."Ace of BaseThe Sign
74%
1991"Come as you are, as you were, as I want you to be"NirvanaCome as You Are
71%
1994"Baby, I compare you to a..."SealKiss from a Rose
71%
1991"Sometimes I feel like I don't have a partner. Sometimes I feel like my only friend is the city I live in, the city of angels"Red Hot Chili PeppersUnder the Bridge
71%
1997"I get knocked down, but I get up again. You are never gonna keep me down."ChumbawambaTubthumping
65%
1999"Her lips are devil red, her skin's the color mocha, she will wear you out..."Ricky MartinLivin' la Vida Loca
61%
1999"Hey now, you're a rock star, get the show on, get paid"Smash MouthAll Star
55%
1992"Word to your moms, I came to drop bombs, I got more rhymes than the Bible's got Psalms"House of PainJump Around
55%
1992"Andy are you goofing on Elvis? Hey baby, are we losing touch?"REMMan on the Moon
55%
1998"Chickity China, the Chinese chicken, you have a drumstick and your brain stops tickin'"Barenaked LadiesOne Week
48%
1998"You need to give it up (not yours, but mine), had about enough (not yours, but mine)"BrandyThe Boy Is Mine
48%
1996"In the citaaay, the city of Compton, we keep it rockin'. We keep it rockin'"Tupac ShakurCalifornia Love
45%
1993"Oh, my life is changing every day, in every possible way"The CranberriesDreams
42%
1997"Biggie Biggie Biggie, can't you see? Sometimes your words just hypnotize me."Notorious B.I.G.Hypnotize
42%
1996"For useless twisting our new technology, oh now there is no sound for we all live underground"JamiroquaiVirtual Insanity
39%
1993"With my mind on my money and my money on my mind"Snoop DoggGin and Juice
32%
1999"Stop the tape! This kid needs to be locked away, Dr. Dre, don't just stand there, operate!"EminemMy Name Is
29%
1995"It's Friday night and I feel alright, the party is here on the west side"Montell JordanThis Is How We Do It
29%
1994"Well there's nothing I can do, I've been lookin' for a girl like you"Hootie & the BlowfishOnly Wanna Be with You
26%
1991"Twenty three positions in a one night stand"PrinceGet Off
23%
1993"Hearts and thoughts they fade, fade away"Pearl JamElderly Woman Behind the Counter in a Small Town
19%
1992"I get so funny with my money that you flaunt. Where you get your information from, huh? You think that you can front when revelation comes?"Beastie BoysSo What'cha Want
16%
1999"It's just one of those days where you don't wanna wake up"Limp BizkitBreak Stuff
13%

Score Distribution

Percentile by Number Answered

Percent of People with Each Score

Your Score History

You have not taken this quiz